The Longest Yes Songs - Statistics

General Stats
  • This quiz has been taken 5 times
  • The average score is 6 of 10
Answer Stats
Album Length Song % Correct
Close to the Edge 18:43 Close to the Edge
100%
Relayer 21:55 The Gates of Delirium
75%
(Yesterdays) 10:30 America
50%
Going for the One 15:38 Awaken
50%
Keys to Ascension 18:37 Mind Drive
50%
Tales from Topographic Oceans 21:35 Ritual (Nous Sommes du Soliel)
50%
Tales from Topographic Oceans 18:32 The Ancient / Giants Under the Sun
50%
Tales from Topographic Oceans 20:35 The Remembering / High the Memory
50%
Tales from Topographic Oceans 22:02 The Revealing Science of God (Dance of the Dawn)
50%
Mirror to the Sky 13:53 Mirror to the Sky
25%
No matching quizzes found
Score Distribution
Percent of People with Each Score
Percentile by Number Answered
Your Score History
You have not taken this quiz